Personnages de Ninjago : les maîtres du spinjitzu par image (Part 3) - Statistiques

Statistiques générales
  • Ce quiz a été pris 536 fois
  • Le résultat moyen est 13 sur 16
Statistiques - réponses
Par images Réponse % Correct
Cole
99%
Jay
99%
Kai /
99%
Sensei Wu
99%
Zane
99%
Nya
98%
Garmadon
97%
Lloyd
95%
PIXAL
91%
Misako
82%
Dareth/ Ninja Brun
76%
Ronan
75%
Cyrus Borg
66%
Nelson
47%
Mistaké
46%
Confiance
45%
Aucun quiz correspondant
Distribution des résultats
% des personnes avec chaque résultat
Percentile par nombre de réponses
Votre historique - résultats
Vous n’avez pas pris ce quiz